000 00616nam a2200217Ia 4500
003 IEPS
005 20250703135252.0
008 250223s9999||||xx |||||||||||||| ||und||
020 _a8065603977
040 _CIEPS
041 _aara
082 _a613.7
100 _aالسكري خيرية إبراهيم
245 0 _aالمرأة و رياضة المشى
250 _aط:الاولى
260 _aالاسكندرية
_bمنشأة المعارف
_c2000
300 _a147
_bاشكال،جداول
_c24سم
653 _aرياضة المشي
700 _aمحمد جابر بريقع
942 _cكتاب
999 _c11897
_d11897